Memorial de Isla Negra
محفوظ في:
| المؤلف الرئيسي: | |
|---|---|
| التنسيق: | كتاب |
| اللغة: | الإسبانية |
| منشور في: |
Barcelona
Seix Barral
1982
|
| الطبعة: | 2a. ed |
| سلاسل: | Biblioteca breve. Poesía, 412
|
| الموضوعات: | |
| الوسوم: |
إضافة وسم
لا توجد وسوم, كن أول من يضع وسما على هذه التسجيلة!
|
MARC
| LEADER | 00000nam a2200000 a 4500 | ||
|---|---|---|---|
| 001 | UCQ2237 | ||
| 003 | CL-VaPUC | ||
| 008 | 980724e19820000SP |||||||||||||||||spa|d | ||
| 082 | 0 | 4 | |a Ch861 |b NER |2 21 |
| 100 | |a Neruda, Pablo |e autor |9 306531 | ||
| 245 | 1 | 0 | |a Memorial de Isla Negra |
| 250 | |a 2a. ed | ||
| 300 | |a 308 p | ||
| 942 | |c BK | ||
| 945 | |d 19980724 00:00:00 |a lriquelm | ||
| 260 | |a Barcelona |b Seix Barral |c 1982 | ||
| 650 | 0 | |a Poesías chilenas |9 265280 | |
| 650 | 0 | |a Prosa chilena |9 267787 | |
| 650 | 0 | |a Literatura chilena |9 308278 | |
| 650 | 0 | |a Formas y géneros literarios |9 324031 | |
| 583 | |a last modification |c 19980724 00:00:00 |k Rodrigo Vera | ||
| 490 | 0 | |a Biblioteca breve. Poesía, 412 | |
| 999 | |c 273075 |d 273073 | ||
| 952 | |0 0 |1 0 |4 0 |6 CH_861_000000000000000_NER_1982 |7 0 |8 A |9 308356 |a BIBEDU |b BIBEDU |d 2019-11-20 |i 1443321 |l 1 |o Ch861 NER 1982 |p 1443321 |r 2025-03-21 |s 2025-03-21 |w 2019-11-20 |y BK |k LIT | ||